E81(日光道)のIC - Statistics

General Stats
  • This quiz has been taken 39 times
  • The average score is 6 of 9
Answer Stats
日光道 % Correct
IC 宇都宮
96%
IC 日光
96%
IC 今市
92%
IC 徳次郎
65%
IC 大沢
65%
IC 清滝
62%
IC 土沢
46%
PA 日光口
46%
IC 篠井
38%
No matching quizzes found
Score Distribution
Percent of People with Each Score
Percentile by Number Answered
Your Score History
You have not taken this quiz